MDQL
is popping MORE tags! Check the
thread
!
Quizzes
Events
Quiz Creation
Community
Videos
Private Events
Remove Ads
Sign In
Join for FREE
Feedback
Dark Mode
Quiz Categories
Sports
Geography
Music
Movies
Television
Just For Fun
Miscellaneous
History
Literature
Language
Science
Gaming
Entertainment
Religion
Holiday
For Kids
Quiz Lab
Recent
Popular Today
Quiz Kudos Today
Editor Picks
Curator Picks
Quizzes by...
Day
Popularity
Type
Ratings
Length
Year
Community
Subscriptions
Recent Discussions
Orange Saloon
Badges
Playlists
Quests
Create
Leaderboards
Showdown
Live 5
Trivia Bingo
Activity
Puzzle Library
Sporcle Events
Private Events
Virtual Trivia
Globe League
Become a Host
Pub Owners
SporcleCon
Opinionation
Our Games
Videos
Blog
Mobile Apps
Partnerships
Remove Ads and Go Orange
Feedback
Music
Pop Music
The Beatles
Song
Album
Lyrics
Bands
Singers
Artist
Clip
Rock
Rap
Classical
Billboard
Country Music
Kpop
Taylor Swift
Music
Pop Music
The Beatles
Song
Album
Lyrics
Bands
Singers
Artist
Clip
Rock
Rap
Classical
Billboard
Country Music
Kpop
Taylor Swift
Random Quiz
Search Sporcle
×
Quiz Lab
Quiz Lab
Music
Lyrics
Type in answers that appear in a list
Type in answers that appear in a list
Classic
Best Score? Go Orange.
Misunderstood lyric Stats
Can you name the Misunderstood lyric by Bon Jovi?
By
missandei_
7m
202 Questions
123 Plays
123 Plays
123 Plays
Comments
Comments
Give Quiz Kudos
Give Quiz Kudos
-
- Ratings
hide this ad
Replay
Link that replays current quiz
Next Quiz
Link to next quiz in quiz playlist
You Got
0%
They Got
Avg Score
77%
Avg Friend Score
Upgrade to see
Score Distribution
Jump to the score distribution portion of the page
Score
0/202
Timer
07:00
0
Plays Today
% Correct
the
97.6%
a
97.6%
the
97.6%
the
97.6%
the
97.6%
the
97.6%
the
97.6%
the
97.6%
the
97.6%
and
97.6%
the
97.6%
the
97.6%
You
95.9%
You
95.9%
You
95.9%
you
95.9%
you
95.9%
Could
92.7%
could
92.7%
could
92.7%
could
92.7%
could,
92.7%
Could
92.7%
could.
92.7%
Should
91.9%
should
91.9%
should
91.9%
Should
91.9%
should
91.9%
it
88.6%
it.
88.6%
was
88.6%
was
88.6%
it.
88.6%
it.
88.6%
was
88.6%
Have
87.8%
my
87.8%
have
87.8%
my
87.8%
my
87.8%
have
87.8%
all
87.8%
have
87.8%
all
87.8%
misunderstood.
87.8%
my
87.8%
misunderstood.
87.8%
all
87.8%
my
87.8%
have
87.8%
all
87.8%
have
87.8%
all
87.8%
misunderstood.
87.8%
my
87.8%
misunderstood.
87.8%
in
87%
on
87%
in
87%
be
86.2%
so
86.2%
night,
86.2%
night.
86.2%
so
86.2%
night,
86.2%
I?
85.4%
I?
85.4%
% Correct
I
85.4%
I
85.4%
I
85.4%
I
85.4%
I
85.4%
I
85.4%
(Chorus)I
85.4%
I
85.4%
I
85.4%
I
85.4%
I
85.4%
I
85.4%
I?
85.4%
I?
85.4%
I
85.4%
(Chorus)
85.4%
I.
85.4%
I
85.4%
I
85.4%
I
85.4%
I
85.4%
I
85.4%
time,
84.6%
time
84.6%
to
84.6%
for
82.9%
things
81.3%
things
81.3%
wrong
80.5%
If
80.5%
just
80.5%
If
80.5%
If
80.5%
It's
80.5%
It's
80.5%
Just
80.5%
right
79.7%
lights
79.7%
me
79.7%
lights.
79.7%
said
78.9%
drove
78.9%
that
78.9%
out
78.9%
out
78.9%
drove
78.9%
your
78.9%
think
78%
think
78%
think
78%
did
77.2%
did
77.2%
back
76.4%
would
76.4%
would
76.4%
when
75.6%
about
75.6%
when
75.6%
about
75.6%
about
75.6%
thousand
74.8%
times.
74.8%
cried,
74.8%
cried,
74.8%
turn
73.2%
run
72.4%
not
72.4%
run
72.4%
% Correct
mind.
71.5%
died.
71.5%
sleeping
71.5%
you're
70.7%
you'd
69.9%
mine.
69.9%
words
69.9%
words,
69.9%
couch
69.9%
words,
69.9%
see
69.1%
best
69.1%
again.
69.1%
best
69.1%
still
68.3%
mouth,
68.3%
with
68.3%
tried
68.3%
Apologize
67.5%
but
67.5%
I'm
66.7%
friends.
66.7%
bad
66.7%
I'm
66.7%
too
65.9%
shut
65%
I've
65%
rewind,
64.2%
this
64.2%
yard
64.2%
one.
63.4%
didn't
63.4%
say
62.6%
south,
61%
late
61%
found
61%
truth
61%
lie.
61%
passed
60.2%
off
59.3%
Staying
59.3%
tongue,
58.5%
old
58.5%
talk,
58.5%
wasting
58.5%
been
58.5%
heart
57.7%
dumb.
56.1%
headed
55.3%
good.
54.5%
they
53.7%
here
53.7%
door.
52.8%
sounded
52%
like
52%
like
52%
before,
52%
it'd
51.2%
stumbled
51.2%
stumbled
51.2%
Intentions
49.6%
stretch
47.2%
as
46.3%
outside
44.7%
slipped
41.5%
hanging
38.2%
Quiz Playlist
Details
Report
Send in Message
Add To Playlist
Classic:
Type in answers that appear in a list
Last Updated: Aug 24, 2017
Quiz Scoreboard
CHALLENGE
Sign Up to Join the Scoreboard
Show All
Scores
Hide
Comments
May contain spoilers
Recently Published
Image Sorting: Flags VI
by Barbecue
Geography
2m
Find the 'City' Movie
by crazypaving
Movies
60s
Colored Red Africa Blitz
by spor1
Geography
45s
More to Explore
Quiz From the Vault
Featured Blog Post
14 Easter Pick-up Lines to Find Eggs With
hide this ad
You Might Also Like...
Tags
Lyrics Quiz
Bon Jovi
Today's Top Quizzes in Music
Browse Music
hide this ad
Today's Top Quizzes in Lyrics
Browse Lyrics
Top Contributed Quizzes in Music
1
5X2 Blitz: Bands II
2
5X2 Blitz: The Beatles
3
Taylor Swift All Songs (2024)
4
5X2 Blitz: Billboard
5
5X2 Blitz: Billboard II
6
5X2 Blitz: Album
7
5X2 Blitz: Rock
8
5X2 Blitz: Singers
9
Taylor Swift Logic Puzzle II
10
5X2 Blitz: Lyrics
Explore More
Trending Topics
Kpop
Anime
Harry Potter
NBA
Marvel
Crossword
Disney
Country
Soccer
WWE
NFL
Pokémon
Puzzle
Song
The Office
hide this ad
More By:
missandei_
Quiz
Plays
Rating
Category
Featured
Created
Can you name the lyrics to Beautiful trauma?
347
2.00
Music
Dec 14, 2017
'Drowning' Lyrics by Backstreet Boys
346
2.50
Music
Oct 28, 2016
Don't wanna know lyrics
259
3.00
Music
Dec 15, 2016
I'll be there for you lyric
236
4.00
Music
Aug 24, 2017
Misunderstood lyric
123
Music
Aug 24, 2017
Go to Creator's Profile
Score Distribution
Quiz Creator Spotlight
missandei_
Follow
Send a Message
Quizzes Created
-
Created Quiz Play Count
-
More By This Creator
Popular Quizzes Today
1
Colored Red Africa Blitz
2
Find the US States - No Outlines Minefield
3
Find the 'City' Movie
4
5x2 Blitz: Bands
5
The Countries of the World
6
Find the US States
7
Find the Countries of Europe - No Outlines Minefield
8
US States
More Music Quizzes
'Q' Names for Singers
Quiz Lab
Trending Quizzes
Colored Red Europe Blitz I
Colored Red Europe Blitz II
Colored Red Africa Blitz II
Colored Red Europe Blitz III
Colored Red Africa Blitz III
Recently Updated
How Do You Spell That?
pecheneg
Godzilla Movies
pecheneg
Grab Bag: 4-10 Letters
pecheneg
2024 March Madness Bracket
pecheneg
Famous TV Couples
Peacemaker
Champions League XIs: Real Madrid
pecheneg
Largest US Cities 1790-2010
pecheneg
Rides in Walt Disney World
pecheneg
Most Oscar Losses (Acting)
pecheneg
Beyoncé Albums
pecheneg
Trending Topics
Harry Potter
NBA
Anime
Kpop
Marvel
Crossword
Disney
Country
The Office
Soccer
Puzzle
Song
Pokémon
NFL
WWE
Your Account Isn't Verified!
In order to create a playlist on Sporcle, you need to verify the email address you used during registration. Go to your
Sporcle Settings
to finish the process.
Report this User
Report this user for behavior that violates our
Community Guidelines
.
Details:
Send Report
Go to the Sporcle.com Mobile Site →
Comments